Fr. Conceicao Rodrigues College of Engineering

TDM Pulse Code Modulation Transmitter & Receiver Trainer-ST-2103 & ST 2104 WB (Record no. 30806)

MARC details
000 -LEADER
fixed length control field 00342nam a2200145Ia 4500
082 ## - DEWEY DECIMAL CLASSIFICATION NUMBER
Classification number 621.381536
Item number SCI
100 ## - MAIN ENTRY--PERSONAL NAME
Personal name None
245 ## - TITLE STATEMENT
Title TDM Pulse Code Modulation Transmitter & Receiver Trainer-ST-2103 & ST 2104 WB
260 ## - PUBLICATION, DISTRIBUTION, ETC.
Name of publisher, distributor, etc. none
Place of publication, distribution, etc. Indore
300 ## - PHYSICAL DESCRIPTION
Extent 85
546 ## - LANGUAGE NOTE
Language note ENGLISH
654 ## - SUBJECT ADDED ENTRY--FACETED TOPICAL TERMS
Focus term electronics
942 ## - ADDED ENTRY ELEMENTS (KOHA)
Koha item type BOOK
Holdings
Withdrawn status Lost status Damaged status Not for loan Collection Home library Current library Date acquired Total Checkouts Full call number Barcode Date last seen Price effective from Koha item type
        CRC Fr. Agnel's C.Rodrigues College of Engineering Fr. Agnel's C.Rodrigues College of Engineering 17/03/2023   621.381536 SCI 10987 17/03/2023 17/03/2023 BOOK